000
00401nam a22001697a 4500
003
MPLRDC
005
20220104124958.0
008
210129b ||||| |||| 00| 0 eng d
082
_a
857.9 YW-8 v.2
100
_a
忆文
245
_a
冷面游侠. 下
_c
260
_a
_b
武功出版社
_c
300
_b
平
490
_a
忆文武侠专辑
650
_a
武侠小说
942
_c
BK
_o
857.9 YW-8 v.2
999
_c
23665
_d
23655